Online Catalogue and eLibrary

Diywayogaya (Record no. 5393)

MARC details
000 -LEADER
fixed length control field 00372nam a2200157Ia 4500
005 - DATE AND TIME OF LATEST TRANSACTION
control field 20250411015902.0
008 - FIXED-LENGTH DATA ELEMENTS--GENERAL INFORMATION
fixed length control field 240331s9999 xx 000 0 und d
020 ## - INTERNATIONAL STANDARD BOOK NUMBER
ISBN 9552027608
082 ## - DDC Classification
Item Number - Author Mark SIL
Class No. 891
100 ## - MAIN ENTRY--PERSONAL NAME
Personal name Silva,W.A
245 #0 - TITLE STATEMENT
Title Diywayogaya
260 ## - PUBLICATION, DISTRIBUTION, ETC.
Place of publication, distribution, etc. Colombo
Name of publisher, distributor, etc. Godage & sons
Date of publication, distribution, etc. 2008
300 ## - PHYSICAL DESCRIPTION
Extent (e.g. Volumes, Pages etc.) 278 p .,
500 ## - GENERAL NOTE
General note Ancient , Historical Story
942 ## - Koha item type (Biblio)
Koha item type Books in Stacks (Lending)
Holdings
Lost status Damaged status Collection code Home library Current library Shelving location Date acquired Full call number Accession Number Item type
    Lending WERC Library WERC Library Social Science Cupboard 03/31/2024 891.48 SIL 4055 Books in Stacks (Lending)

© WERC Library